|
|
|
|
| LEADER |
04472nam a2200613 a 4500 |
| 001 |
45808 |
| 003 |
BD-DhAAL |
| 005 |
20260519165416.0 |
| 008 |
260519t2006 enkb b 001 0 eng c |
| 010 |
|
|
|a 2005027589
|
| 015 |
|
|
|a GBA603927
|2 bnb
|
| 016 |
7 |
|
|a 013354273
|2 Uk
|
| 020 |
|
|
|a 9780415770354
|
| 020 |
|
|
|a 0415770351
|
| 020 |
|
|
|a 9780415497459
|
| 020 |
|
|
|a 0415497450
|
| 024 |
3 |
|
|a 9780415770354
|c (hardback)
|
| 035 |
|
|
|a 23046615
|
| 035 |
|
|
|a (OCoLC)61703942
|
| 040 |
|
|
|a DLC
|b eng
|c DLC
|d BAKER
|d BWKUK
|d OCLCQ
|d YUS
|d YDXCP
|d STF
|d NLGGC
|d OCLCQ
|d GEBAY
|d EUM
|d UKM
|d BTCTA
|d OCLCQ
|d DEBBG
|d OCLCO
|d OCLCF
|d OCLCO
|d OCLCQ
|d CRCPR
|d MBB
|d IRCJS
|d OCLCO
|d NJR
|d CSJ
|d TFW
|d GZM
|d UKOBU
|d CRU
|d FQG
|d PAU
|d SNN
|d QE2
|d AU@
|d UKMGB
|d BID
|d LGG
|d REB
|d SXQ
|d OCLCA
|d TJC
|d OCLCA
|d MIQ
|d L2U
|d OCLCO
|d OCLCQ
|d OCLCO
|d DLC
|d BD-DhAAL
|
| 042 |
|
|
|a pcc
|
| 043 |
|
|
|a a-ja---
|
| 050 |
0 |
0 |
|a DS832.5
|b .J385 2006
|
| 082 |
|
|
|a 909.04956
|2 22
|
| 245 |
0 |
0 |
|a Japanese diasporas :
|b unsung pasts, conflicting presents, and uncertain futures /
|c edited by Nobuko Adachi.
|
| 246 |
|
3 |
|a Japanese diasporas
|
| 260 |
|
|
|a London ;
|a New York :
|b Routledge/Taylor & Francis Group,
|c 2006.
|
| 300 |
|
|
|a xvi, 286 pages :
|b maps ;
|c 23 cm
|
| 490 |
1 |
|
|a Routledge studies in Asia's transformations
|
| 504 |
|
|
|a Includes bibliographical references (pages 254-273) and index.
|
| 505 |
0 |
|
|a Introduction -- Japanese diaspora in New World: its Asian predecessors and origins / Roger Daniels -- Japanese emigration and immigrations: from the Meiji to the modern / James Stanlaw -- Instructions to emigrant laborers, 1885-94: "return in triumph" or "wander on the verge of starvation" / Jonathan Dresner -- Paradise lost: Japan's agricultural colonists in Manchukuo / Greg P. Guelcher -- Intermarried issei and mestizo Nisei in the Philippines: reflections on the origin of Philippine nikkeijin problems / Shun Ohno -- Constructing Japanese Brazilian identity: from agrarian migrants to Urban white-collar workers -- Stone voice: diary of a Japanese transnational migrant in Canada / Keibo Oiwa -- Japanese of Peru: first-century experience and beyond / Daniel M. Masterson -- Japanese Latin Americans during World War II: a reconsideration / Lane Ryo Hirabayashi and Akemi Kikumura-Yano -- Four governments and a new land: emigration to Bolivia / Kozy Amemiya -- Acting Japanese / Gary Y. Okihiro -- Crossing ethnic boundaries: challenge of Brazilian Nikkeijin return migrants in Japan / Takeyuki Tsuda -- Overseas Japanese and the challenges of repatriation in post-colonial East Asia / Mariko Asano Tamanoi -- Negotiating work and self: experiences of Japanese working women in Singapore / Leng Leng Thang, Miho Goda, and Elizabeth Maclachlan
|
| 520 |
8 |
|
|a An examination of the relationship of overseas Japanese and their descendents (Nikkei) with their home and host nations, focusing on their political, social and economic struggles. The authors suggest some of the ways in which diasporas are transforming global society today.--
|c Source other than the Library of Congress.
|
| 541 |
1 |
|
|a Donated by Embassy of Japan in Bangladesh, Read Japan Project 2025, The Tokyo Foundation, supported by The Nippon Foundation.
|e 45808
|
| 610 |
2 |
7 |
|a Chōsen Kōgei Kenkyūkai
|2 gnd
|9 60907
|
| 648 |
|
4 |
|a Geschichte.
|
| 648 |
|
7 |
|a Geschichte
|2 swd
|
| 650 |
|
0 |
|a Japanese
|z Foreign countries.
|9 60908
|
| 650 |
|
5 |
|a Japanese
|z Canada
|z Emmigration and immigration.
|9 60909
|
| 650 |
|
7 |
|a 74.94 migration (demography)
|2 bcl
|9 60910
|
| 650 |
|
7 |
|a Emigration and immigration.
|
| 650 |
|
7 |
|a Japanese
|x Foreign countries.
|9 60911
|
| 650 |
|
7 |
|a Ausland
|9 60912
|
| 650 |
|
7 |
|a Auswanderung
|9 60913
|
| 650 |
|
7 |
|a Kulturelle Identität
|9 60914
|
| 650 |
1 |
7 |
|a Diaspora.
|
| 650 |
1 |
7 |
|a Japan.
|
| 651 |
|
0 |
|a Japan
|x Emigration and immigration.
|9 60915
|
| 651 |
|
7 |
|a Japan.
|
| 700 |
1 |
|
|a Adachi, Nobuko
|e editor.
|9 60916
|
| 830 |
|
0 |
|a Routledge studies in Asia's transformations.
|9 60917
|
| 852 |
1 |
|
|a Ayesha Abed Library
|c General Stacks
|
| 942 |
|
|
|2 ddc
|c BK
|
| 999 |
|
|
|c 47994
|d 47994
|
| 952 |
|
|
|0 0
|1 0
|2 ddc
|4 0
|6 909_049560000000000_JAP
|7 0
|9 79241
|a BRACUL
|b BRACUL
|d 2026-05-19
|e Donated by Embassy of Japan in Bangladesh, Read Japan Project 2025, The Tokyo Foundation, supported by The Nippon Foundation.
|l 0
|o 909.04956 JAP
|p 3010045808
|r 2026-05-19
|t 1
|w 2026-05-19
|y BK
|x Donated copy received from Embassy of Japan in Bangladesh, Read Japan Project 2025, The Tokyo Foundation, supported by The Nippon Foundation on 08 April 2026; $77.71 Amazon.com
|